000 01176nam a22003497a 4500
003 CHAP
005 20220817042226.0
008 971013s1967 r 00010 d
010 _a38086
011 _a39058
035 _a43178
040 _cCHAP
090 _aFolleto 5208
100 0 0 _aMiranda Colín, Salvador.
_976065
245 _aInfiltración genética entre Phaseolus coccineous L. y Phaseolus vulgaris L.
260 _aChapingo, Méx. :
_bColegio de Postgraduados,
_c1967
300 _a48 p.
_b: ilus
490 _aSerie de investigación
_v; 9
590 _aBATCH-UPD
_b10
_c20130110
_lUCH01
_h0322
590 _aBATCH-UPD
_b10
_c20130110
_lUCH01
_h1735
590 _aBATCH-UPD
_b10
_c20130409
_lUCH01
_h2355
590 _aBATCH-UPD
_b10
_c20130410
_lUCH01
_h1436
590 _aBATCH-UPD
_b10
_c20130914
_lUCH01
_h1440
590 _aCONVERSION
_b10
_c20130109
_lUCH01
_h1321
650 1 4 _aFrijol
_xGenética.
650 1 4 _aFrijol
_xMejoramiento.
_943404
650 1 4 _aFrijol
_xVariedades resistentes a plagas.
_943450
830 0 _aSerie de investigación
_v; 9
_9104746
901 _aBK
942 _cFOLL
949 _aFolleto 5208
_bBC
_cFOLL
_d-99122
_eTS1
_i43178
_mD
_si
999 _c38086
_d38086